LDR 01097naa#a2200181#i#450# 001 RU\INFRA-M\bibl\126777 005 20260705032313.7 011 ## _a2305-7807 100 ## _a20260430b2026####ek#y0rusy0150####ca 102 ## _aRU 200 1# _aРОЛЬ КОРРЕКЦИОННЫХ МЕХАНИЗМОВ В СНИЖЕНИИ УРОВНЯ ПРОФЕССИОНАЛЬНОГО ВЫГОРАНИЯ ПЕДАГОГОВ, РАБОТАЮЩИХ С ДЕТЬМИ С ОВЗ _eЖурнальная статья 210 1# _aМосква _cОбщество с ограниченной ответственностью «Научно-издательский центр ИНФРА-М» _d2026 215 ## _a7 с. 608 ## _aЖурнальная статья _2local 675 ## _aТеория и организация труда. Взаимоотношения между предприятием и персоналом, между работодателями и работающими, между трудом и капиталом. 331.1 _z 700 #1 _aЛюбина _gВ. А. 700 #1 _aМихайлова _gН. С. 856 4# _azh-szf.ru _u